000 00682nam a22001937a 4500
003 OSt
005 20251125164151.0
008 251125b |||||||| |||| 00| 0 eng d
040 _aDWC-Main lib
_cOC
082 _22019 edtition
_aFil. 657.45 F897p 2019
100 _aFrias, Solita A.
245 _aPractice set in Practical auditing :
_bgracecorporation/
_cSolita A. Frias
250 _a2019 edtition
260 _aManila :
_b[ publishing company not identified] ,
_cc2019.
300 _a xi, various pages :
_b illustrations ;
_c27cm.
650 _a1. Auditing- Grace Corporation
700 _aMa. Elenita Balabat Cabrera
942 _2ddc
_cBK-FIL
_e2019 edition.
_kFil.
_n0
999 _c6322
_d6322